| 000 | 00690nam a22002057a 4500 | ||
|---|---|---|---|
| 003 | CEME | ||
| 005 | 20210628210125.0 | ||
| 008 | 210120b xxu||||| |||| 00| 0 eng d | ||
| 020 | _a0-07-243193-8 | ||
| 040 | _cceme | ||
| 082 | _a519.402462 CHA | ||
| 100 |
_aCanale, Raymond P _9136 |
||
| 245 | _aNumerical methods for engineers,with software and programming applications | ||
| 250 | _a4TH | ||
| 260 |
_aNEW DELHI _bTATA MCGRAW HILL _c2002 |
||
| 300 | _aXVIII,926P | ||
| 650 |
_aENGINEERING MATHEMATICS-DATA PROCESSING, NUMERICAL CALCULATION- DATA PROCESSING, MICROCOMPUTERS PROGRAMMING.NUMERICAL METHODS FOR ENGINEERS _978186 |
||
| 700 |
_aChapra, Steven C _9132 |
||
| 942 |
_cBK _2ddc |
||
| 999 |
_c583348 _d583348 |
||